Can you name the five letter words with an X in the middle? - Statistics

General Stats
  • This quiz has been taken 99 times
    75 since last reset
  • The average score is 13 of 20
Answer Stats
Hint Answer % Correct
Seconds in a Minute Sixty
98%
Cabs Taxis
94%
Large US state Texas
92%
Makers of Toy Story, Monsters, Inc.... Pixar
91%
37th US President Nixon
83%
Polished the car Waxed
83%
Sent document over a telephone line Faxed
80%
Pertaining to poison Toxic
80%
A female fox Vixen
80%
Mischievous fairy Pixie
73%
Dog breed or pugilist Boxer
67%
Soda or fruit juice used with alcohol Mixer
65%
Site of the Ancient Egyptian city of Thebes Luxor
52%
The southern states Dixie
50%
Post Roman British settler Saxon
48%
Curvaceous Buxom
35%
Renée Zellweger's role in 'Chicago' Roxie
33%
'The Incredible Hulk' actor Bixby
24%
An expression of a general truth Maxim
24%
Connected series or group Nexus
17%
No matching quizzes found
Score Distribution
Percent of People with Each Score
Percentile by Number Answered
Your Score History
You have not taken this quiz since the last reset